[Event "MrDodgy Inv 3 Finals"]
[Site "chess24.com INT"]
[Date "2022.11.30"]
[Round "3.1"]
[White "Carlsen, M."]
[Black "Sevian, Samuel"]
[Result "1-0"]
[WhiteElo "2859"]
[BlackElo "2687"]
[PlyCount "67"]
[EventDate "2022.11.27"]
[EventType "k.o."]

1. d4 Nf6 2. c4 e6 3. Nf3 d5 4. g3 dxc4 5. Bg2 c5 6. O-O Nc6 7. Na3 cxd4 8. Nxc4 Bc5 9. a3 a5 10. b3 O-O 11. Bb2 Qc7 12. Nxd4 Rd8 13. Nb5 Qe7 14. Qc2 e5 15. Rad1 Bg4 16. h3 Bh5 17. Rxd8+ Rxd8 18. Rd1 Bg6 19. Rxd8+ Qxd8 20. Qd2 Qxd2 21. Nxd2 Bc2 22. e3 Kf8 23. Nc3 Ba7 24. Bxc6 bxc6 25. Nc4 Nd7 26. Nxa5 Bb6 27. Nxc6 Bxb3 28. a4 Bc5 29. a5 Bc4 30. Ne4 Be7 31. Nxe7 Kxe7 32. Ba3+ Ke6 33. Nd6 Ba6 34. Ne8 1-0

[Event "Titled Tue 27th Aug Early"]
[Site "chess.com INT"]
[Date "2024.08.27"]
[Round "2"]
[White "Carlsen, M."]
[Black "Sydykov, Bayastan"]
[Result "1-0"]
[WhiteElo "2832"]
[BlackElo "2282"]
[PlyCount "61"]
[EventDate "2024.08.27"]

1. d4 d5 2. Nf3 Nf6 3. c4 e6 4. g3 Be7 5. Bg2 O-O 6. O-O dxc4 7. h4 a6 8. Ne5 c5 9. dxc5 Qxd1 10. Rxd1 Bxc5 11. Nc3 Nbd7 12. Nxc4 Re8 13. Na4 Bf8 14. Nab6 Rb8 15. Be3 Nxb6 16. Nxb6 e5 17. Nxc8 Rexc8 18. Ba7 Bc5 19. Bxb8 Rxb8 20. e3 a5 21. a3 Kf8 22. Rac1 b6 23. Rc4 Ke7 24. g4 Ne8 25. b4 axb4 26. axb4 Nd6 27. Rc2 Bxb4 28. Rc7+ Kd8 29. Rxf7 Ke8 30. Rxg7 h6 31. Rg8+ 1-0

[Event "Aimchess Rapid Div 1 W"]
[Site "chess.com INT"]
[Date "2023.07.14"]
[Round "4.1"]
[White "Carlsen, M."]
[Black "So, W."]
[Result "1-0"]
[WhiteElo "2835"]
[BlackElo "2769"]
[PlyCount "83"]
[EventDate "2023.07.10"]
[EventType "rapid"]

1. d4 d5 2. Nf3 Nf6 3. c4 e6 4. g3 Be7 5. Bg2 O-O 6. O-O dxc4 7. Qa4 a6 8. Qxc4 b5 9. Qc2 Bb7 10. Bd2 Be4 11. Qc1 c6 12. e3 Nbd7 13. Nc3 Bg6 14. Nh4 Bh5 15. Qe1 Rc8 16. Ne2 c5 17. Ba5 Qe8 18. Nf4 Bd8 19. Nxh5 Nxh5 20. Nf3 Nhf6 21. Rc1 c4 22. b3 Nd5 23. bxc4 bxc4 24. e4 N5f6 25. Bc3 Nb6 26. Qe2 Be7 27. Rc2 Na4 28. Rb1 Nxc3 29. Rxc3 Qd7 30. Rxc4 Rxc4 31. Qxc4 Nxe4 32. Ne5 Qd5 33. Qd3 f5 34. Qxa6 g6 35. Rb5 Qxd4 36. Qxe6+ Kh8 37. Bxe4 fxe4 38. Nf7+ Kg7 39. Qe5+ Qxe5 40. Nxe5 Ra8 41. Nc6 Kf7 42. Rb7 1-0

[Event "Titled Tue 19th Nov Early"]
[Site "chess.com INT"]
[Date "2024.11.19"]
[Round "9"]
[White "Carlsen, M."]
[Black "Lazavik, Denis"]
[Result "1-0"]
[WhiteElo "2831"]
[BlackElo "2578"]
[PlyCount "89"]
[EventDate "2024.11.19"]

1. Nf3 d5 2. g3 Nf6 3. Bg2 e6 4. O-O Be7 5. c4 O-O 6. d4 dxc4 7. Na3 Bxa3 8. bxa3 Bd7 9. a4 Bc6 10. Ba3 Re8 11. Rc1 Bd5 12. Ne5 Bxg2 13. Kxg2 Nc6 14. f3 Nxd4 15. Rxc4 Nf5 16. Qxd8 Raxd8 17. Kf2 Rd2 18. Rxc7 Rxa2 19. Bc1 Nd5 20. Rxb7 f6 21. Nd3 Nd4 22. Bb2 Rxa4 23. Nc5 Rc4 24. Ne4 Rd8 25. Bxd4 Rxd4 26. Ra1 Rb4 27. Rbxa7 h6 28. R1a6 e5 29. Nc5 Re8 30. Ne6 Re7 31. Rxe7 Nxe7 32. Ra7 Nf5 33. g4 Nd4 34. Rxg7+ Kh8 35. Re7 Nxe6 36. Rxe6 Kg7 37. h4 h5 38. g5 Rxh4 39. Rxf6 Rh2+ 40. Ke3 h4 41. Rf5 h3 42. Rxe5 Rg2 43. Re4 h2 44. Rh4 Kg6 45. f4 1-0

[Event "Titled Tue 7th Jan Late"]
[Site "chess.com INT"]
[Date "2025.01.07"]
[Round "8"]
[White "Carlsen, M."]
[Black "Ilinca, Felix-Antonio"]
[Result "1-0"]
[WhiteElo "2831"]
[BlackElo "2440"]
[PlyCount "93"]
[EventDate "2025.01.07"]

1. d4 d5 2. c4 e6 3. Nf3 Nf6 4. g3 Be7 5. Bg2 O-O 6. O-O dxc4 7. Nc3 a6 8. Ne5 Ra7 9. Nxc4 b5 10. Ne5 Bb7 11. Bxb7 Rxb7 12. Be3 Nd5 13. Nxd5 Qxd5 14. Qb3 Rd8 15. Rfc1 c5 16. dxc5 Qxe5 17. c6 Nxc6 18. Rxc6 a5 19. Rd1 Rxd1+ 20. Qxd1 h6 21. Rc8+ Kh7 22. Qc2+ Qf5 23. Qc6 Qd5 24. Qxd5 exd5 25. Bd4 Kg6 26. Kg2 f6 27. Kf3 Kf5 28. Rc6 a4 29. g4+ Kg6 30. h4 Kf7 31. h5 b4 32. Bc5 a3 33. b3 Bxc5 34. Rxc5 Ke6 35. Ke3 Kd6 36. Kd4 Ke6 37. f4 f5 38. Rc6+ Kd7 39. Rg6 fxg4 40. Rxg7+ Kc6 41. Rxg4 Re7 42. e3 Re4+ 43. Kd3 Kc5 44. Rg6 Re8 45. Rxh6 Rg8 46. Rg6 Rh8 47. h6 1-0

[Event "Norway Chess Armageddon 10th"]
[Site "Stavanger"]
[Date "2022.05.31"]
[Round "1"]
[White "Carlsen, Magnus"]
[Black "Wang, Hao"]
[Result "1-0"]
[WhiteElo "2864"]
[BlackElo "2744"]
[PlyCount "83"]
[EventDate "2022.05.31"]
[EventType "tourn (rapid)"]
[EventRounds "9"]
[EventCountry "NOR"]
[EventCategory "21"]
[SourceTitle "CBM 209"]
[Source "ChessBase"]
[SourceDate "2022.08.31"]
[SourceVersion "1"]
[SourceVersionDate "2022.08.31"]
[SourceQuality "1"]

1. d4 Nf6 2. c4 e6 3. Nf3 d5 4. g3 Be7 5. Bg2 O-O 6. O-O dxc4 7. Na3 Bxa3 8. bxa3 Bd7 9. a4 Bc6 10. Ba3 Re8 11. Qc2 Nbd7 12. Rac1 Bd5 13. Rfe1 a5 14. Red1 c6 15. Ne5 Bxg2 16. Kxg2 Nb6 17. e4 Nfd7 18. Nxc4 Nxc4 19. Qxc4 Nf6 20. f3 Qc7 21. Rb1 Rad8 22. Qb3 Rd7 23. Bc1 c5 24. Bf4 Qc6 25. Rbc1 b6 26. dxc5 Rxd1 27. Rxd1 Qxc5 28. Be3 Qc6 29. Qb5 Qc3 30. Rd3 Qc2+ 31. Rd2 Qc3 32. Kf2 Rb8 33. Qd3 Qc8 34. Bxb6 Qb7 35. Qd4 h6 36. Bxa5 Qb1 37. Kg2 Qc1 38. Qc3 Qb1 39. Qc2 Qb7 40. Qc7 Qa8 41. Qxb8+ Qxb8 42. Rd8+ 1-0

[Event "Tata Steel-A 84th"]
[Site "Wijk aan Zee"]
[Date "2022.01.16"]
[Round "2"]
[White "Carlsen, Magnus"]
[Black "Giri, Anish"]
[Result "1-0"]
[WhiteElo "2865"]
[BlackElo "2772"]
[Annotator "Nielsen,Peter Heine"]
[PlyCount "71"]
[EventDate "2022.01.15"]
[EventType "tourn"]
[EventRounds "13"]
[EventCountry "NED"]
[EventCategory "20"]
[SourceTitle "CBM 206"]
[Source "ChessBase"]
[SourceDate "2022.02.28"]
[SourceVersion "1"]
[SourceVersionDate "2022.02.28"]
[SourceQuality "1"]

{[%evp 0,71,34,34,28,-11,-16,-16,-8,-50,-17,-11,4,-17,19,-70,-67,-67,17,-34,-34,-34,-11,-58,-23,-89,4,19,-9,-7,-37,-51,-22,-28,-28,-73,-53,-41,40,-47,-4,-11,-2,-26,59,16,16,-33,82,134,151,179,179,202,220,224,224,224,224,165,165,176,176,119,197,191,190,212,197,181,231,229,226,227]} 1. d4 Nf6 2. c4 e6 3. Nf3 d5 4. g3 Be7 5. Bg2 O-O 6. O-O dxc4 7. Na3 $6 {Magnus had added the Catalan to his repertoire for the World Championship match, and there played the main move 7 Qc2. With Giri being an expert on the white side as well, it felt natural to try and surpise with a sideline, even at the price of it being perhaps somewhat dubious.} Bxa3 8. bxa3 Bd7 {The solid and sensible reply. 8...b5 is possible, as 9 a4 can be answered by 9...a6! due to white having doubled pawns in the a-line. White has ways to get decent compensation, but whe is objectively better is an open question.} 9. a4 $5 {Vey rare.} Bc6 10. Ba3 Re8 11. Qc2 Nbd7 12. Rac1 {It is a strange kind of position where white can get his pawn back by Qxc4, but only to immediately lose one back after the reply ...Nb6. For black it is not that trivial making a useful move here. 12...Bd5 is followed by13 Rfe1 with e4 to follow, and 12...Nb6 obviously is poked by 13.a5. The game move, along with 12...a5 are reasonable choices, and leads to position like in the game, where white will be a pawn down, but for sufficient compensation.} a6 13. Qxc4 Nb6 14. Qc3 $5 {Luring the knight to tale onm a4 instead of the bishop, and thus getting black a bit more out of balance.} Nxa4 15. Qb3 {Again Giri is left with atypical positions to evaluate.} Qd5 (15... Nb6 16. Rxc6 bxc6) ({and} 15... Bb5 16. Rfe1 {followed by 17 e4 obviously leaves whote with compensation for either the exchange or the pawn. Again, it is not a given that it is white who is objectively better, but the pressure on black is considerable from a practical perspective.}) 16. Rxc6 $1 Qxc6 17. Ne5 Qb5 18. Qc2 $1 {Black is a pawn and an exchange up, but the threat of 19.Rb1 still leves him in a very critical situation.} Nd5 $2 (18... Reb8 19. Rb1 Qe8 {is the way to somewhat cordinate while still keeping the knight on a4 protected, but after} 20. Bxb7 {white wins back the pawn and the exchange, keeping some edge.}) ({It is however possible to cut the gordian knot by} 18... Nb6 $1 19. Bxb7 Nc4 $1 {when the tactics do work out in black's favor to the extend that he secures the draw after} 20. Bxa8 Nxa3 21. Qxc7 $2 ({and thus white is left with} 21. Qc6 {when} Qxe2 {holds the balance}) 21... Rxa8 22. Qxf7+ Kh8 23. Qxe6 Qe8 $1 {parries the attack,}) 19. Rb1 Qa5 20. Bxd5 $6 {Probably enough to keep a winning position,} ({but} 20. Be4 $1 {was a much cleaner solution. The point being that after} g6 21. Bxd5 {White gets a much improved version of the game. The f6 square is weakened, but even more importantly so is the 7. rank! The main point being} Qxd5 {now can be met by} 22. Qxc7 b5 23. Qxf7+ Kh8 24. Rc1 $1 {with an immediate win as 25 Rc7 is unstoppable with mate to follow.}) 20... exd5 $2 {Giri thought for quite a while here, making this a puzzling mistake.} (20... Qxd5 {now is possible as} 21. Qxc7 (21. Qxa4 f6 $1 22. Nd3 Qxa2) 21... b5 $1 22. Qxf7+ Kh8 {leaves white lacking an obvious next move to strengthen the attack. So he will have to settle for 21 Qxa4 f6! 22 Nd3 Qxa2.}) (20... Nc3 21. Bb4 $1 Nxe2+ 22. Qxe2 Qxd5 23. Rc1 c6 {In both scenarios white has the better position where his 2 pieces and attacking chances outweighs black's rook and 2 pawns. Still black very much has chances to defend, especially due to the black pawn still being on g7!}) 21. Rxb7 {Blacks position is worse than it perhaps seems. The threat is 22 Bb4 trapping the black queen, and while it can escape via 22...Qe1+ it just means that after 23 Kg2 the knight on a4 lacks protection. Thus black has to time to defend against the threat on the 7-rank. Giri takes drastic measures, but it is too late.} c5 22. Qf5 Rf8 23. Nxf7 Qd8 24. dxc5 $1 {Blacks problem is that while he did hame numerous way to prevent immediate mate, they all come at too high a price.} Qf6 $5 25. Qxf6 $1 {The only winning move, as} (25. Qxd5 $4 Nc3 $1 {turns the tables to the extend where it is white who then has to force the draw with} 26. Nh6+ Kh8 27. Nf7+) 25... gxf6 26. Nh6+ Kh8 27. c6 Rfc8 28. c7 {Black is doomed to passively await the transfer of the white knight to d6.} Nc3 29. Bb2 d4 30. Nf7+ Kg7 31. Nd6 Kg6 {oses trivialy.} (31... Nxe2+ 32. Kf1 Nc3 33. Bxc3 dxc3 34. Ke2 {oses trivially.}) 32. Kf1 Nb5 33. Nxc8 Rxc8 34. a4 Nxc7 35. Bxd4 Ne6 36. Be3 {And here Giri resigned.} 1-0

[Event "Division I"]
[Site "Chess.com"]
[Date "2024.05.11"]
[Round "2.1"]
[White "Carlsen, Magnus"]
[Black "Lazavik, Denis"]
[Result "1-0"]
[WhiteElo "2897"]
[BlackElo "2788"]
[Annotator "Stockfish 16.1"]
[PlyCount "139"]
[EventDate "2024.??.??"]
[WhiteTeam "NOR"]
[BlackTeam "BLR"]
[WhiteClock "0:00:50"]
[BlackClock "0:00:06"]

{[%evp 11,139,39,37,-23,2,6,16,0,2,-32,-32,-69,-69,-69,-57,-77,-37,-42,-46,-48,-54,-46,-52,-40,13,7,9,12,37,38,48,47,47,47,47,47,45,46,46,45,56,42,98,105,108,17,159,14,13,10,94,8,9,5,8,3,3,3,3,5,5,3,5,3,3,3,5,3,3,5,5,5,5,6,7,6,7,6,7,2,2,2,3,3,5,7,16,14,14,10,51,36,48,43,304,299,328,320,323,324,369,360,372,381,353,317,356,308,302,284,543,540,533,421,421,421,421,421,421,421,421,421,420,420,420,421,421,426,399,405]} 1. d4 Nf6 2. c4 e6 3. Nf3 d5 4. g3 Be7 5. Bg2 O-O 6. O-O dxc4 7. h4 c5 8. dxc5 Bxc5 9. Qc2 {The position is equal.} Nbd7 10. Nc3 Qc7 11. Bf4 e5 12. Bd2 h6 13. a4 a6 14. Ne4 Nxe4 15. Qxe4 Rb8 16. a5 b5 {And now ...Re8 would win.} 17. axb6 $1 Qxb6 18. Bc3 Bb7 19. Qf5 e4 20. Qxd7 $40 {[%mdl 128] Threatens to win with Ne5. White is up to no good.} exf3 21. Qg4 {[%csl Gc3][%cal Rg4g7]} Qg6 22. Bxf3 Bxf3 23. exf3 Qxg4 24. fxg4 Bb4 25. Rxa6 Bxc3 26. bxc3 $14 {[%mdl 4096] Endgame KRR-KRR} Rb3 27. Rc1 Re8 28. Kg2 (28. Ra5 $16) 28... Re2 (28... Rb2 $1 $11 {remains equal.}) 29. Rc6 (29. Ra8+ $16 Kh7 30. Ra7) 29... Rbb2 $11 30. Rf1 Rec2 {[#]} (30... Kh7 $11) 31. Rc8+ (31. h5 $1 $16) 31... Kh7 32. Rxc4 Rb3 33. Rf4 f6 34. Ra1 {Hoping for Ra7.} Rbxc3 35. Raa4 Rc7 36. Rfe4 Rd7 37. Ra5 Rcd2 38. Raa4 Rc2 39. Rf4 Rcd2 40. Rfb4 Re2 41. Rb8 Rdd2 42. Rf4 Re7 43. Rb5 Red7 44. Rff5 Kg6 45. g5 hxg5 46. hxg5 Re7 47. gxf6 gxf6 48. Rf4 {With the idea Rb6.} Rd6 49. Rg4+ Kf7 50. Rh5 Re2 51. Rh7+ Ke6 52. Rf4 Ra2 $2 {[%mdl 8192] [#]} ({Black should try} 52... Red2 $1 $14) 53. g4 $1 $18 Ra5 54. Kg3 Re5 55. Ra4 Rd3+ 56. f3 Ree3 57. Ra6+ Rd6 58. Ra4 Rdd3 59. Rf4 Rd6 60. Rf5 Re5 $2 (60... Re1 61. Rh6 Ke7) 61. Rxe5+ Kxe5 {KR-KR} 62. f4+ Ke6 63. f5+ Ke5 64. Re7+ Kd5 65. g5 fxg5 66. Kg4 Rd8 67. f6 Rg8 68. f7 Rf8 {intending ...Kd6.} 69. Kxg5 Kd6 70. Kf6 {Accuracy: White = 80%, Black = 69%.} 1-0

[Event "Norway Chess 10th"]
[Site "Stavanger"]
[Date "2022.06.02"]
[Round "3"]
[White "Carlsen, Magnus"]
[Black "Radjabov, Teimour"]
[Result "1-0"]
[WhiteElo "2864"]
[BlackElo "2753"]
[PlyCount "71"]
[EventDate "2022.05.31"]
[EventType "tourn"]
[EventRounds "9"]
[EventCountry "NOR"]
[EventCategory "21"]
[SourceTitle "CBM 209"]
[Source "ChessBase"]
[SourceDate "2022.08.31"]
[SourceVersion "1"]
[SourceVersionDate "2022.08.31"]
[SourceQuality "1"]

1. d4 Nf6 2. c4 e6 3. Nf3 d5 4. g3 Be7 5. Bg2 O-O 6. O-O dxc4 7. Qc2 b5 8. a4 Bb7 9. axb5 a6 10. bxa6 Nxa6 11. Qxc4 Bd5 12. Qc3 c5 13. Bf4 Ne4 14. Qc1 cxd4 15. Nxd4 Nec5 16. Bxd5 Qxd5 17. Be3 Qb7 18. Nd2 Rac8 19. Qb1 Nb4 20. N4f3 Qb5 21. Re1 Rfd8 22. Kf1 h6 23. Rc1 Bf8 24. Ne4 Nb3 25. Rxc8 Rxc8 26. Nc3 Qb7 27. Ra4 Nd5 28. Nxd5 Qxd5 29. Kg2 Qc6 30. Ra7 g5 31. Qd3 Nc5 32. Qc4 Qb6 33. Qa2 Qc6 34. b4 Nd7 35. b5 Qd6 36. Qa6 1-0

[Event "Tata Steel-A 84th"]
[Site "Wijk aan Zee"]
[Date "2022.01.25"]
[Round "9"]
[White "Carlsen, Magnus"]
[Black "Mamedyarov, Shakhriyar"]
[Result "1-0"]
[WhiteElo "2865"]
[BlackElo "2767"]
[Annotator "Nielsen,Peter Heine"]
[PlyCount "53"]
[EventDate "2022.01.15"]
[EventType "tourn"]
[EventRounds "13"]
[EventCountry "NED"]
[EventCategory "20"]
[SourceTitle "CBM 206"]
[Source "ChessBase"]
[SourceDate "2022.02.28"]
[SourceVersion "1"]
[SourceVersionDate "2022.02.28"]
[SourceQuality "1"]

{[%evp 0,53,58,42,26,19,50,-24,-14,-55,-34,-40,-40,3,10,-24,11,-37,22,-75,3,-5,31,21,22,1,119,117,152,81,149,132,132,132,124,124,125,72,184,87,186,165,187,124,111,122,122,50,115,45,213,143,225,225,235,235]} 1. d4 Nf6 2. Nf3 d5 3. c4 e6 4. g3 dxc4 5. Bg2 Bb4+ 6. Bd2 a5 {Perhaps a sideline against the Catalan, but a respectable one used by Topalov in both his WC matches against Kramnik and Anand. For Magnus it was perhaps bad memories, as back in 2010, in Wijk Aan Zee, he lost with the white pieces against excatly Kramnik. Then he tried the rare 7 Nc3, while by now 7 Qc2 has been accepted as the main line.} 7. O-O O-O 8. e3 $6 {While 7 0-0 is still quite respectable, this is considered dubious, and when Mamedyarov at the closing ceremony praised Magnus for playing like a computer, he highligthed exactly 8 e3 as the exception! And, like versus Giri, this does indeed initiate a sequence where one can argue that who is objectively better is an open question, then from a practical perspective it is white who has the fun of attacking the opposing king!} Ra6 $5 {Numerous moves exist, but this one is praised by the computer and it is likely that Mamedyarov recalled it from his preparations. Black now keeps his extra pawn and secures the long diagonal,} 9. Qc2 b5 10. a4 c6 11. Nc3 Rb6 12. e4 {White threatens to play 13 e5 followed by 14 Ng5 provoking ...g6 which would severely weaken the dark squares around the black king. Mamedyarovs move thus is logical, but the engines insists that 12...h6 is cirtical, where indeed white has to prove that his attack on the kingside is real. White has numerous tries, with 13 e5 followed by 14 Qe4 as the most obvious.} Be7 13. e5 Nd5 14. axb5 ({Black's idea is that after} 14. Nxd5 cxd5 15. Bxa5 b4 {his compensation for the exchange is obvious. The computer claims that after} 16. Bxb6 Qxb6 17. a5 $1 Qa7 18. b3 $1 {white still has hopes for an edge, but obviously he is also riunning strategic risk, and has a much version of the exchange sacrifice than in the game.}) 14... cxb5 $6 {With hindsight a bad decision, but the kind of decision, if your opponent was not Magnus, perhaps would have won you the game. Mamedyarov insists on sacrificing the exchange, and leaves white no option, but to accept.} (14... Nb4 $5 {was the computers way of doing it, with} 15. Qe4 cxb5 16. Qg4 f5 $5 {being the plan with an unclear position evaluated as equal by the machines.}) 15. Nxd5 exd5 16. Bxa5 Nc6 17. Bxb6 Qxb6 {Black's compensation is very visible. White has a weak pawn on d4, which black is set up well to attack, with ...Bg4 being next, undermining the vital defender. As well ...b4 will almost quarantee that black gets a passed pawn on the queen side, and add to that the pair of bishop the compensation does indeed seem more than sufficient.} 18. Ra8 $1 {This game is decided at move 18 & 19, and when Mamedyarov talks about Magnus playing like a computer, it can be boiled down to this sequence where he understands the position better than his opponent. The general factors in the postion, as described previously are noit unfavorubale for black, so white need to catch black when he is still unbalanced. Mamedyarov continiues making logical moves, but the position, despite perhaps looking to have slowed down after a tactical sequence hangs on very concrete specifics. That urgency also was required by white is illustrated that by 18 h3, preventing ...Bg4 then after 18...Be6 black already has a pleasant position.} h6 $2 {A very logical move.} (18... Be6 {allows} 19. Rxf8+ Bxf8 20. Ng5 {attacking both mate on h7, as well as the bishop on e6. Mamedyarov most likely stopped his calculations here, but after} g6 {black's position is actually fine, as white has no consequent follow-up, meaning the pawn on d4 will fall.}) ({Similarly} 18... b4 {intending to follow with ...b3! fixing the pawn structure just in time also would have given black decent counterplay.}) 19. Rfa1 {A good move, and if 19 Rxc8!? Rxc8 20 Qf5 followed by 21 e6 was even better is more of a philosophical question, as both leaves white with a considerable edge.} (19. Rxc8 $5 Rxc8 20. Qf5 {[%cal Ge5e6]}) 19... Be6 $2 {Another very logical looking move, whereafter however the position is completely lost!} ({The absolutely last chance was to play} 19... b4 {intending 20...b3, exploiting that} 20. b3 Nxd4 $1 {is possible with} 21. Nxd4 Qxd4 22. Rd1 Bf5 $1 {being the point.}) 20. Qd1 $1 {As innocent looking as it gets, but crushing. White coordinated his defences, and managed to double in the a-line before retreating his queen.} b4 {Forces events, but as white is in time with his defence, it just makes things worse from blacks perspective. But black has no reasonable other moves. He has to keep attacking d4, as else white regroups with Ne1-c2.} 21. b3 $1 c3 22. R8a6 $1 {Forcing the queen away from attacking d4.} Qc7 23. Ne1 $1 {2 key aims have been acheived: Black's passed pawn is solidly blocked, and the knight was released of its defensive duties, and can now re-route towards e3.} f6 $6 {Making things worse, but black's position was beyond repair anyway.} 24. Nd3 $1 fxe5 25. Nxe5 Nxe5 26. Rxe6 $1 c2 27. Qe1 {And as 27...Nd3 28 Rxe7 wins easily Mamedyarov resigned.} (27. Qe1 Nd3 28. Rxe7 $18) 1-0